|
|
|
|
| LEADER |
00000nam0a2200000 4500 |
| 001 |
377675 |
| 005 |
20231102012934.0 |
| 035 |
|
|
|a (RuTPU)RU\TPU\retro\35127
|
| 035 |
|
|
|a RU\TPU\retro\35126
|
| 090 |
|
|
|a 377675
|
| 100 |
|
|
|a 20230323d1976 k y0rusy50 ca
|
| 101 |
0 |
|
|a rus
|
| 102 |
|
|
|a RU
|
| 105 |
|
|
|a ab z 001zy
|
| 200 |
1 |
|
|a Некоторые закономерности размещения скоплений углеводородов в нефтегазоносных бассейнах
|f Л. А. Польстер [и др.]
|g Научно-исследовательская лаборатория геологии зарубежных стран (НИЛЗарубежгеология)
|
| 210 |
|
|
|a Москва
|c Недра
|d 1976
|
| 215 |
|
|
|a 134 с.
|c ил.
|
| 225 |
1 |
|
|a Труды
|v Вып. 33
|
| 320 |
|
|
|a Список литературы: с. 126-133
|
| 606 |
1 |
|
|a Геология региональная
|2 stltpush
|3 (RuTPU)RU\TPU\subj\6120
|9 34078
|
| 610 |
1 |
|
|a зарубежные страны
|
| 610 |
1 |
|
|a палеогеоморфология
|
| 610 |
1 |
|
|a нефтегазоносные бассейны
|
| 610 |
1 |
|
|a палеотемпературы
|
| 610 |
1 |
|
|a пластовые давления
|
| 610 |
1 |
|
|a вертикальная зональность
|
| 610 |
1 |
|
|a промышленные скопления
|
| 610 |
1 |
|
|a сравнительный анализ
|
| 610 |
1 |
|
|a Камбейский бассейн
|
| 610 |
1 |
|
|a Нижнеиндский бассейн
|
| 610 |
1 |
|
|a Афгано-Таджикский бассейн
|
| 610 |
1 |
|
|a Азово-Кубанский бассейн
|
| 610 |
1 |
|
|a Прекарпатско-Балканский бассейн
|
| 610 |
1 |
|
|a Среднекаспийский бассейн
|
| 675 |
|
|
|a 55(1/9)
|v 3
|
| 701 |
|
1 |
|a Польстер
|b Л. А.
|
| 701 |
|
1 |
|a Висковский
|b Ю. А.
|
| 701 |
|
1 |
|a Садыкова
|b П. И.
|
| 701 |
|
1 |
|a Александрова
|b Т. И.
|
| 712 |
0 |
2 |
|a Научно-исследовательская лаборатория геологии зарубежных стран (НИЛЗарубежгеология)
|2 stltpush
|3 (RuTPU)RU\TPU\col\11363
|
| 801 |
|
1 |
|a RU
|b 63413507
|c 20061121
|g PSBO
|
| 801 |
|
2 |
|a RU
|b 63413507
|c 20230323
|g PSBO
|
| 942 |
|
|
|c BK
|